000 00398nam a2200169Ia 4500
005 20250603145701.0
008 250603s9999 xx 000 0 und d
020 _a978-1-59784-078-1
050 _aBP 189.7 .M42 R86/
245 0 _aRumi and his sufi path of love
260 _aNew Jersey
260 _bTughra Books
260 _c2007
300 _a145 p
650 _aNew Jersey
942 _cBK
999 _c42547
_d42547